000 01266nam a22003377a 4500
003 CHAP
005 20220329134206.0
008 971013s1969 r 00010 d
010 _a16742
011 _a17714
035 _a21798
040 _cCHAP
082 _a338.1732
_bJ3 1969-75
110 _aJalisco. Comité Estatal Agropecuario, Forestal, Industrial
_960977
245 _aPrograma forrajero de la región de Los Altos (1969-1975)
260 _a(s.l.),
_c1969
300 _as.p.
_b; gráfs. ; mapa
590 _aBATCH-UPD
_b10
_c20130110
_lUCH01
_h2136
590 _aBATCH-UPD
_b10
_c20130410
_lUCH01
_h1445
590 _aBATCH-UPD
_b10
_c20130914
_lUCH01
_h1430
590 _aCONVERSION
_b10
_c20130109
_lUCH01
_h1310
650 1 4 _aForrajes
_xJalisco.
_942580
650 1 4 _aPlan Agrícola Jalisco.
_988650
650 1 4 _aPolítica agrícola
_xJalisco.
_990330
901 _aBK
942 _cLIBRO
949 _a338.1732 J3 1969-75
_bBC
_cLIBRO
_d33724000111308
_eLIBRO
_fc.2
_h35134
_i21798
_si
949 _a338.1732 J3 1969-75
_bBC
_cLIBRO
_d33724000111464
_eLIBRO
_h35133
_i21798
_mD
_si
949 _a338.1732 J3 1969-75
_bBC
_cLIBRO
_d33724000111472
_eLIBRO
_fc.3
_h35135
_i21798
_si
949 _a338.1732 J3 1969-75
_bBC
_cLIBRO
_d33724000111480
_eLIBRO
_fc.4
_h35136
_i21798
_si
999 _c16742
_d16742